| 000 | 00402nam a2200157Ia 4500 | ||
|---|---|---|---|
| 008 | 230312s9999||||xx |||||||||||||| ||und|| | ||
| 020 | _a93-82221-02-9 | ||
| 082 |
_a720.91 _bABD-H |
||
| 100 | _aAbdul;Alim | ||
| 245 | 0 | _aHandbook Of Islamic Architecture | |
| 260 |
_bRandom Publications _aIndia _c2012 |
||
| 300 | _a288 | ||
| 546 | _aEng. | ||
| 650 |
_aArchitecture _vIslamic Architecture |
||
| 942 | _cBK | ||
| 999 |
_c8214 _d8214 |
||